书目信息 |
| 题名: |
中国水利学会首届青年科技论坛论文集
|
|
| 作者: | 匡尚富 主编 ;中国水利学会青年科技工作委员会 编 | |
| 分册: | ||
| 出版信息: | 北京 中国水利水电出版社 2004.06 |
|
| 页数: | 546页 | |
| 开本: | 26cm | |
| 丛书名: | ||
| 单 册: | ||
| 中图分类: | TV-53 | |
| 科图分类: | ||
| 主题词: | 水利工程--shui li gong cheng--会议录 | |
| 电子资源: | ||
| ISBN: | 7-5084-2119-1 | |
| 000 | 01113nam0 2200253 450 | |
| 001 | 012008383344 | |
| 005 | 20080421105748.82 | |
| 010 | @a7-5084-2119-1@b精装@dCNY88.00 | |
| 100 | @a20080421d2004 km y0chiy0120 ea | |
| 101 | 0 | @achi |
| 102 | @aCN@b110000 | |
| 105 | @aa a 000yy | |
| 106 | @ar | |
| 200 | 1 | @a中国水利学会首届青年科技论坛论文集@AZhong Guo Shui Li Xue Hui Shou Jie Qing Nian Ke Ji Lun Tan LunWen Ji@f匡尚富主编@Fkuang shang fu zhu bian@g中国水利学会青年科技工作委员会编@Gzhong guo shui li xue hui qing nian ke ji gong zuo wei yuan hui bian |
| 210 | @a北京@c中国水利水电出版社@d2004.06 | |
| 215 | @a546页@c图@d26cm | |
| 320 | @a有书目。 | |
| 330 | @a本论文集收录论文90篇,分为水资源、水环境;防洪减灾、水文学;农业节水;泥沙、水力学;岩土工程、结构材料;信息、遥感、自动化等七个部分。 | |
| 606 | 0 | @a水利工程@Ashui li gong cheng@j会议录 |
| 690 | @aTV-53@v4 | |
| 701 | 0 | @a匡尚富@Akuang shang fu@4主编 |
| 712 | 02 | @a中国水利学会青年科技工作委员会@Azhong guo shui li xue hui qing nian ke ji gong zuo wei yuan hui@4编 |
| 801 | 0 | @aCN@bQSSK@c20080421 |
| 905 | @b20700102-03@dTV-53@eK914@f2 | |
| 中国水利学会首届青年科技论坛论文集/匡尚富主编/中国水利学会青年科技工作委员会编.-北京:中国水利水电出版社,2004.06 |
| 546页:图;26cm |
| ISBN 7-5084-2119-1(精装):CNY88.00 |
| 本论文集收录论文90篇,分为水资源、水环境;防洪减灾、水文学;农业节水;泥沙、水力学;岩土工程、结构材料;信息、遥感、自动化等七个部分。 |
| ● |
| 相关链接 |
|
|
|
正题名:中国水利学会首届青年科技论坛论文集
索取号:TV-53/K914
 
预约/预借
| 序号 | 登录号 | 条形码 | 馆藏地/架位号 | 状态 | 备注 |
| 1 | 700102 | 207001028 | 自科库501/501自科库 47排3列1层/ [索取号:TV-53/K914] | 在馆 | |
| 2 | 700103 | 207001037 | 自科库501/501自科库 47排3列1层/ [索取号:TV-53/K914] | 在馆 |